000
00257nam a22001097a 4500
082
_a
574.192 CLA'E
100
_a
CLARK, JOHN M
_9
76995
245
_a
EXPERIMENTAL BIOCHEMISTRY
260
_a
SAN FRANCISCO
_b
W. H. FREEMAN
_c
1964
300
_a
228P
942
_c
BK
999
_c
582311
_d
582311